Protective measures for housing on gas-contaminated land. (Record no. 101192)

MARC details
000 -LEADER
fixed length control field 00839cam a2200241 4500
001 - CONTROL NUMBER
control field
008 - FIXED-LENGTH DATA ELEMENTS--GENERAL INFORMATION
fixed length control field 000000n2001 000 0 eng u
020 ## - INTERNATIONAL STANDARD BOOK NUMBER
International Standard Book Number 1860814603
035 ## - SYSTEM CONTROL NUMBER
System control number (Sirsi) u111064
100 ## - MAIN ENTRY--PERSONAL NAME
Personal name Johnson, Roger
110 ## - MAIN ENTRY--CORPORATE NAME
Corporate name or jurisdiction name as entry element Building Research Establishment
245 ## - TITLE STATEMENT
Title Protective measures for housing on gas-contaminated land.
260 ## - PUBLICATION, DISTRIBUTION, ETC.
Place of publication, distribution, etc. Garston, Watford
Name of publisher, distributor, etc. BRE
Date of publication, distribution, etc. 2001
300 ## - PHYSICAL DESCRIPTION
Extent iv,66p. : ill. ; 30cm.
350 ## - PRICE (NR) (BK AM CF MU VM SE) [OBSOLETE]
Price 44.00
490 ## - SERIES STATEMENT
Series statement BR
Volume/sequential designation 414
520 ## - SUMMARY, ETC.
Summary, etc. A practical guide to current good practice for passive soil gas protective measures for new and existing residential development. Deals mainly with methane and carbon dioxide but can also be applied to radon.
650 ## - SUBJECT ADDED ENTRY--TOPICAL TERM
Topical term or geographic name entry element SOIL GASSES
650 ## - SUBJECT ADDED ENTRY--TOPICAL TERM
Topical term or geographic name entry element CONTAMINATED LAND
650 ## - SUBJECT ADDED ENTRY--TOPICAL TERM
Topical term or geographic name entry element VOLATILE ORGANIC COMPOUNDS
690 ## - LOCAL SUBJECT ADDED ENTRY--TOPICAL TERM (OCLC, RLIN)
Topical term or geographic name as entry element HOUSING
942 ## - ADDED ENTRY ELEMENTS (KOHA)
Suppress in OPAC 0
Holdings
Withdrawn status Lost status Source of classification or shelving scheme Damaged status Not for loan Home library Current library Shelving location Date acquired Cost, normal purchase price Total Checkouts Full call number Barcode Date last seen Date last checked out Copy number Cost, replacement price Price effective from Koha item type
    Dewey Decimal Classification     London London Folio 07/03/2001 44.00 4 F333.73 JOH 30063379 06/08/2019 19/06/2006 1 44.00 06/08/2019 Book